[Event "North Urals Cup"]
[Site "Krasnoturyinsk RUS"]
[Date "2006.07.23"]
[Round "1"]
[White "Matveeva,S"]
[Black "Kosintseva,N"]
[Result "0-1"]
[WhiteElo "2454"]
[BlackElo "2472"]
[EventDate "2006.07.23"]

1. d4 Nf6 2. c4 e6 3. Nc3 Bb4 4. e3 O-O 5. Bd3 c5 6. Nf3 d5 7. O-O dxc4 8.
Bxc4 Nbd7 9. a3 cxd4 10. axb4 dxc3 11. bxc3 Qc7 12. Be2 Nd5 13. c4 Nc3 14.
Qc2 Nxe2+ 15. Qxe2 b6 16. Bb2 Bb7 17. Rfc1 Rfd8 18. Nd4 Nf8 19. c5 bxc5 20.
bxc5 e5 21. Nf5 Ng6 22. Nd6 Bc6 23. Ra6 Qd7 24. Qc4 Rf8 25. Rca1 h6 26. f3
Kh7 27. R1a5 Rab8 28. Rxa7 Qd8 29. Qe2 Qg5 30. Bc1 Nh4 31. Kh1 Qh5 32. e4
f5 33. Ra1 fxe4 34. Nxe4 Nxf3 35. gxf3 Qxf3+ 36. Qxf3 Rxf3 37. Re7 Bxe4 38.
Kg1 Rbf8 39. Bxh6 Kxh6 40. Rxe5 R8f4 0-1

[Event "North Urals Cup"]
[Site "Krasnoturyinsk RUS"]
[Date "2006.07.23"]
[Round "1"]
[White "Stefanova,A"]
[Black "Kosintseva,T"]
[Result "1-0"]
[WhiteElo "2520"]
[BlackElo "2479"]
[EventDate "2006.07.23"]

1. d4 Nf6 2. Bg5 Ne4 3. Bf4 c5 4. f3 Nf6 5. d5 e6 6. e4 exd5 7. exd5 d6 8.
Bb5+ Nbd7 9. Qe2+ Qe7 10. Nc3 a6 11. Bxd7+ Bxd7 12. O-O-O Qxe2 13. Ngxe2
O-O-O 14. g4 h6 15. h4 b5 16. Ng3 b4 17. Nb1 Be7 18. c4 Nh7 19. Rde1 Bf8
20. Nd2 g6 21. Nde4 Be8 22. Re2 f6 23. h5 f5 24. gxf5 g5 25. Bd2 Bg7 26. f4
g4 27. f6 Nxf6 28. Nxf6 Bxf6 29. Re6 Bd4 30. Nf5 Bf2 31. Be1 Bxe1 32. Rhxe1
Bxh5 33. Nxd6+ Kb8 34. Ne4 Bf7 35. Rf6 Be8 36. Nxc5 h5 37. Re7 g3 38. Rb6+
Kc8 39. Nxa6 1-0

[Event "North Urals Cup"]
[Site "Krasnoturyinsk RUS"]
[Date "2006.07.24"]
[Round "2"]
[White "Zhu Chen"]
[Black "Mkrtchian,L"]
[Result "1-0"]
[WhiteElo "2476"]
[BlackElo "2459"]
[EventDate "2006.07.23"]

1. d4 d5 2. c4 e6 3. Nc3 Be7 4. Nf3 Nf6 5. Bg5 h6 6. Bh4 O-O 7. e3 b6 8.
Qb3 Bb7 9. Bxf6 Bxf6 10. cxd5 exd5 11. Rd1 Re8 12. a3 c6 13. Bd3 Ba6 14.
Bxa6 Nxa6 15. Qa4 Qc8 16. O-O Re6 17. Rd2 Qb7 18. Rfd1 Nc7 19. Qc2 a5 20.
Na4 Nb5 21. Rd3 Rb8 22. Rb3 Qe7 23. h3 Qd8 24. Ne5 Bxe5 25. dxe5 Qe8 26. f4
f6 27. exf6 Rxf6 28. Nxb6 Rxb6 29. a4 Re6 30. axb5 Rxe3 31. bxc6 Rxc6 32.
Qxc6 Qxc6 33. Rxe3 Qb6 34. Rdd3 a4 35. Kh2 Qxb2 36. Rxd5 Qb4 37. Rf3 Kh7
38. Rd7 Qb8 39. Rd4 Qa7 40. Rdd3 Qc7 41. Rc3 Qa5 42. Rce3 Qb4 43. Ra3 Qd4
44. Kg3 Qb4 45. Ra1 Qd4 46. Rfa3 g5 47. fxg5 Qe5+ 48. Kf2 Qc5+ 49. Kf1 hxg5
50. Rxa4 Kg6 51. Ra6+ Kh5 52. R6a5 Qd4 53. R5a4 Qb6 54. R4a2 Qd4 55. Ra3
Qc5 56. R1a2 Qc1+ 57. Kf2 Qc5+ 58. Re3 Qf5+ 59. Ke2 Qb5+ 60. Rd3 Qe5+ 61.
Kd1 Qe4 62. Rad2 Qa4+ 63. Ke2 Qc4 64. Kf2 Qc5+ 65. Re3 Qa7 66. Rde2 Qd4 67.
Kf1 Qa1+ 68. Re1 Qa6+ 69. Kg1 Qa5 70. Kh2 Qd2 71. R1e2 Qd6+ 72. Rg3 Qf4 73.
Re8 Qd4 74. Ra8 Qe5 75. Rg8 1-0

[Event "North Urals Cup"]
[Site "Krasnoturyinsk RUS"]
[Date "2006.07.24"]
[Round "2"]
[White "Chiburdanidze,M"]
[Black "Matveeva,S"]
[Result "1-0"]
[WhiteElo "2504"]
[BlackElo "2454"]
[EventDate "2006.07.23"]

1. d4 d5 2. c4 dxc4 3. Nf3 e6 4. e3 c5 5. Bxc4 a6 6. d5 Nf6 7. dxe6 Qxd1+
8. Kxd1 Bxe6 9. Bxe6 fxe6 10. Ng5 Ke7 11. Nd2 Nbd7 12. b3 g6 13. Bb2 Bg7
14. Ke2 Rhg8 15. Rac1 Nd5 16. Bxg7 Rxg7 17. h4 Rc8 18. Nge4 h6 19. a3 Rgg8
20. Rc2 Rc6 21. Rhc1 Rgc8 22. Nc4 b5 23. Nb2 R6c7 24. g3 N5b6 25. a4 Nd5
26. axb5 axb5 27. Nd3 c4 28. bxc4 bxc4 29. Nf4 Ne5 30. Rb1 Ra8 31. Rb5
Nxf4+ 32. gxf4 Nd7 33. Nd2 Rac8 34. h5 c3 35. Nf3 Kf6 36. hxg6 Kxg6 37. Nd4
Kf6 38. Rh5 Kg6 39. Ra5 Kf6 40. f5 exf5 41. Rxf5+ Kg6 42. Rd5 Nf6 43. Rd6
h5 44. Nf3 Rb7 45. Kd3 Kg7 46. Nd4 Ng4 47. Rd5 Kg6 48. f3 Nf6 49. Rd6 Rd7
50. Ra6 h4 51. Rxc3 Rxc3+ 52. Kxc3 h3 53. Ra1 h2 54. Rh1 Rh7 55. Kd2 Kg5
56. Ke2 Nd5 57. Kf2 Ra7 58. Rxh2 Ra2+ 59. Ne2 Nc3 60. f4+ Kg4 61. Rg2+ Kh4
62. Kf3 1-0

[Event "North Urals Cup"]
[Site "Krasnoturyinsk RUS"]
[Date "2006.07.24"]
[Round "2"]
[White "Cmilyte,V"]
[Black "Lahno,Kateri"]
[Result "0-1"]
[WhiteElo "2476"]
[BlackElo "2449"]
[EventDate "2006.07.23"]

1. d4 Nf6 2. c4 e6 3. Nf3 c5 4. d5 exd5 5. cxd5 d6 6. Nc3 g6 7. e4 Bg7 8.
Be2 O-O 9. O-O Re8 10. Nd2 Na6 11. f4 Rb8 12. a4 Nb4 13. Ra3 b6 14. Bf3 a6
15. Nc4 b5 16. axb5 axb5 17. Na5 Rb6 18. Re1 c4 19. Na2 Nd3 20. Rxd3 cxd3
21. Nb4 Nd7 22. Nbc6 Qc7 23. Qxd3 b4 24. Qc2 Nc5 25. Nc4 b3 26. Qd1 Ba6 27.
Nxb6 Qxb6 28. e5 Nd3+ 29. Be3 Qc7 30. Bd4 Nxe1 31. Qxe1 Bb7 32. Qb4 Bxc6
33. Bb6 Qc8 34. dxc6 dxe5 35. fxe5 Bxe5 36. Bg4 Qxc6 37. Be3 Bd6 38. Qd2
Rxe3 0-1

[Event "North Urals Cup"]
[Site "Krasnoturyinsk RUS"]
[Date "2006.07.24"]
[Round "2"]
[White "Kosintseva,T"]
[Black "Hou Yifan"]
[Result "1/2-1/2"]
[WhiteElo "2479"]
[BlackElo "2488"]
[EventDate "2006.07.23"]

1. e4 e6 2. d4 d5 3. Nc3 Nf6 4. e5 Nfd7 5. f4 c5 6. Nf3 Nc6 7. Be3 Be7 8.
Qd2 O-O 9. O-O-O a6 10. dxc5 Nxc5 11. Qf2 Nd7 12. Nd4 Nxd4 13. Bxd4 b5 14.
Bd3 b4 15. Ne2 Qc7 16. Kb1 a5 17. Ng3 Bc5 18. Bxc5 Qxc5 19. Qe2 a4 20. Ne4
Qc7 21. Nf6+ Nxf6 22. exf6 g6 23. Qe5 Qxe5 24. fxe5 Ba6 25. h4 Bxd3 26.
Rxd3 h6 27. Rf1 Ra5 28. Rd4 Rb8 29. Rf3 Rc5 30. a3 Rbc8 31. Rxb4 Rxc2 32.
Rc3 R8xc3 33. bxc3 Rxc3 34. Rxa4 Re3 35. Ra8+ Kh7 36. Rf8 Rxe5 37. Rxf7+
Kg8 38. Rg7+ Kf8 39. Rxg6 Kf7 40. Rxh6 Re1+ 41. Kc2 Re2+ 42. Kb3 Rxg2 43.
a4 Rg1 44. a5 Ra1 45. Kb4 e5 46. h5 e4 47. Rg6 e3 48. Rg2 d4 49. Kc4 Rxa5
50. Kxd4 Rxh5 51. Kxe3 Kxf6 1/2-1/2

[Event "North Urals Cup"]
[Site "Krasnoturyinsk RUS"]
[Date "2006.07.25"]
[Round "3"]
[White "Stefanova,A"]
[Black "Chiburdanidze,M"]
[Result "1/2-1/2"]
[WhiteElo "2520"]
[BlackElo "2504"]
[EventDate "2006.07.23"]

1. d4 d5 2. a3 Nf6 3. Nf3 e6 4. Bg5 Be7 5. Nbd2 O-O 6. e3 b6 7. Ne5 Nfd7 8.
Bf4 Nxe5 9. Bxe5 c5 10. c3 Bd6 11. Bg3 Ba6 12. Bxa6 Nxa6 13. Qh5 Nc7 14.
Bxd6 Qxd6 15. f4 cxd4 16. cxd4 Rac8 17. O-O Qd7 18. Qe2 Nb5 19. Rfc1
1/2-1/2

[Event "North Urals Cup"]
[Site "Krasnoturyinsk RUS"]
[Date "2006.07.25"]
[Round "3"]
[White "Hou Yifan"]
[Black "Kosintseva,N"]
[Result "1/2-1/2"]
[WhiteElo "2488"]
[BlackElo "2472"]
[EventDate "2006.07.23"]

1. e4 e5 2. Bc4 Nf6 3. d3 Nc6 4. Nc3 Bc5 5. f4 d6 6. Nf3 Bg4 7. Na4 O-O 8.
Nxc5 dxc5 9. Be3 Qd6 10. Qd2 Bxf3 11. gxf3 Nh5 12. f5 Nd4 13. Qf2 b5 14.
Bb3 Nf4 15. O-O-O a5 16. c3 Nxb3+ 17. axb3 a4 18. Bxc5 Qxd3 19. Qc2 axb3
20. Rxd3 bxc2 21. Bxf8 Nxd3+ 22. Kxc2 Nxb2 23. Bxg7 Kxg7 24. Kxb2 Rd8 25.
Kc2 Kf6 26. Rg1 h6 27. h4 Ra8 28. Kb2 Rd8 29. Kc2 Ra8 30. Kb3 Rd8 31. Kc2
Ra8 32. Kb2 Rd8 33. Kc2 Ra8 1/2-1/2

[Event "North Urals Cup"]
[Site "Krasnoturyinsk RUS"]
[Date "2006.07.25"]
[Round "3"]
[White "Mkrtchian,L"]
[Black "Cmilyte,V"]
[Result "1/2-1/2"]
[WhiteElo "2459"]
[BlackElo "2476"]
[EventDate "2006.07.23"]

1. e4 c5 2. Nf3 Nc6 3. Bb5 g6 4. Bxc6 dxc6 5. d3 Bg7 6. h3 Nf6 7. Nc3 Nd7
8. Be3 e5 9. Qd2 h6 10. O-O Qe7 11. Nh2 Nf8 12. f4 exf4 13. Bxf4 Ne6 14.
Bg3 Nd4 15. Rae1 Be6 16. e5 O-O-O 17. Ne4 Nf5 18. Bf2 b6 19. Ng4 Bd5 20.
Qc3 Bxe4 21. Rxe4 h5 22. Nf6 Bxf6 23. exf6 Qd7 24. b4 cxb4 25. Rxb4 Rhe8
26. a4 Ne3 27. Bxe3 Rxe3 28. a5 bxa5 29. Rc4 Re6 30. Qxa5 Qc7 31. Qa6+ Qb7
32. Qa4 Qb6+ 33. Kh1 Rd5 34. Rb4 Rb5 35. Rxb5 cxb5 36. Qb4 Kd7 37. Qf8 Rxf6
38. Re1 Qd8 39. Qc5 Re6 40. Qxb5+ Ke7 41. Qc5+ Kf6 42. Rxe6+ fxe6 43. Qxa7
Qd6 44. Qf2+ Kg7 45. Qe3 h4 46. d4 Qb4 47. c3 Qc4 48. Kg1 Qb3 49. Qe5+ Kg8
50. Kh2 Kh7 51. Qc7+ Kh6 52. Qf4+ Kg7 53. Qe3 Kh7 54. Kg1 Qc4 55. Kf2 Kg7
56. Qe5+ Kh7 57. Qc5 Qa2+ 58. Kf3 Qa8+ 59. Kf2 Qe4 60. Qc7+ Kh6 61. Kg1 Kg5
62. Kh2 Kh6 63. Qd6 Qd3 64. Qf8+ Kh7 65. Qe7+ Kg8 66. Qxe6+ Kg7 67. Qe7+
Kg8 68. Qxh4 Qxc3 69. Qe4 Kg7 70. Qe5+ Kf7 71. Qd6 Qe3 72. d5 Qe4 73. Qd7+
Kf6 74. Qd8+ Kf5 75. Qf8+ Kg5 76. Qf3 Qd4 77. Qg3+ Kf6 78. Qd6+ Kg5 79.
Qe7+ Kh6 80. Qf8+ Kh7 81. Qf7+ Kh6 82. Qf8+ Kh7 83. Qe7+ Kh6 84. d6 Qf4+
85. Kg1 Qc1+ 86. Kf2 Qd2+ 87. Kg3 g5 88. Qf6+ Kh5 89. Qf7+ Kh6 90. Qe6+ Kh5
91. Qe5 Kh6 92. Kh2 Kh5 93. Qh8+ Kg6 94. Qe8+ Kh6 95. Qe6+ Kh5 96. Qg4+ Kh6
97. Qe6+ Kh5 98. Qe8+ Kh6 99. d7 Qf4+ 100. Kg1 Qc1+ 101. Kf2 Qd2+ 102. Kf3
Qd3+ 103. Kg4 Qd4+ 104. Kf5 Qf4+ 105. Ke6 Qe4+ 106. Kd6 Qd4+ 107. Ke6 Qe4+
108. Kf6 Qf4+ 109. Ke6 Qe4+ 110. Kd6 Qd4+ 111. Kc6 Qc4+ 112. Kb6 Qb4+ 113.
Ka6 Qa4+ 114. Kb7 Qb5+ 115. Kc7 Qc5+ 116. Kd8 Qa5+ 117. Kc8 Qc5+ 118. Kb7
Qb5+ 119. Kc8 Qc5+ 120. Kd8 Qa5+ 121. Ke7 Qe5+ 122. Kf7 Qf5+ 123. Ke7 Qe5+
1/2-1/2

[Event "North Urals Cup"]
[Site "Krasnoturyinsk RUS"]
[Date "2006.07.26"]
[Round "4"]
[White "Chiburdanidze,M"]
[Black "Hou Yifan"]
[Result "1/2-1/2"]
[WhiteElo "2504"]
[BlackElo "2488"]
[EventDate "2006.07.23"]

1. d4 Nf6 2. c4 e6 3. Nf3 c5 4. d5 exd5 5. cxd5 d6 6. Nc3 g6 7. g3 Bg7 8.
Bg2 O-O 9. O-O a6 10. a4 Nbd7 11. Bf4 Qe7 12. h3 h6 13. Qc1 g5 14. Bd2 Re8
15. h4 g4 16. Ne1 Qf8 17. Nc2 Ne5 18. a5 Rb8 19. Na4 Bf5 20. Ne3 Bg6 21.
Nb6 h5 22. Nec4 Nxc4 23. Qxc4 Ne4 24. Bf4 Rbd8 25. Qb3 Bd4 26. Nc4 Qe7 27.
Rae1 Qd7 28. Qb6 Bf6 29. Rd1 Qb5 30. Rc1 Bd4 31. Bxe4 Qxb6 32. axb6 Rxe4
33. e3 Bg7 34. Rfd1 Bf8 35. Bg5 Rd7 36. Bf6 Re8 37. b4 cxb4 38. Na5 Bg7 39.
Bxg7 Kxg7 40. Rd4 Re4 41. Rcc4 Rxd4 42. Rxd4 Kf6 43. Rxb4 Ke5 44. Rd4 Be4
45. Nc4+ Kf5 46. Kf1 Rd8 47. Ke2 Bf3+ 48. Kd2 Kf6 49. Na5 Rb8 50. e4 Rc8
51. Rb4 Rb8 52. Ke3 Kg6 53. Rc4 f5 54. exf5+ Kxf5 55. Kd4 Kf6 56. Rc7 Re8
57. Nc4 Re1 58. Ne3 Rb1 59. Rxb7 Rb5 60. Rb8 Ke7 61. Nf5+ Kf6 62. b7 Rxd5+
63. Kc3 Rc5+ 64. Kd4 Bxb7 65. Nxd6 Rd5+ 66. Ke4 1/2-1/2

[Event "North Urals Cup"]
[Site "Krasnoturyinsk RUS"]
[Date "2006.07.26"]
[Round "4"]
[White "Cmilyte,V"]
[Black "Kosintseva,T"]
[Result "1-0"]
[WhiteElo "2476"]
[BlackElo "2479"]
[EventDate "2006.07.23"]

1. d4 Nf6 2. c4 e6 3. Nc3 Bb4 4. Qc2 O-O 5. a3 Bxc3+ 6. Qxc3 b6 7. Bg5 Bb7
8. e3 d6 9. Ne2 Nbd7 10. Qd3 Ba6 11. Nc3 d5 12. Qc2 Bxc4 13. Bxc4 dxc4 14.
Qa4 c5 15. Rd1 Qc8 16. O-O cxd4 17. Rxd4 a6 18. Rxc4 Qb7 19. Qc6 Qxc6 20.
Rxc6 Rfc8 21. Rd6 Ne5 22. Bxf6 gxf6 23. Rxb6 Nc4 24. Na4 Rc7 25. Rb4 Rd8
26. h4 a5 27. Rb5 Kg7 28. Rc1 Nxa3 29. Rbc5 Rxc5 30. Rxc5 Rd1+ 31. Kh2 Nb1
32. Rxa5 Nd2 33. Nc5 Nf1+ 34. Kh3 Rd2 35. Ra7 Kg6 36. Ra1 Rc2 37. Nd3 Nd2
38. Rc1 Rxc1 39. Nxc1 Kf5 40. b4 Ke5 41. Kg4 Ne4 42. Nd3+ Kd5 43. f3 Nd6
44. Kh5 Kc4 45. Nc5 Nf5 46. e4 Ne3 47. g4 f5 48. exf5 exf5 49. g5 Kxb4 50.
Nd7 Ng2 51. Ne5 Kc5 52. Nxf7 Kd5 53. Kh6 Ke6 54. Kxh7 Nxh4 55. g6 Nxf3 56.
g7 Kxf7 57. g8=Q+ Kf6 58. Qd5 Ng5+ 59. Kh6 Ne6 60. Qd6 f4 61. Kh5 1-0

[Event "North Urals Cup"]
[Site "Krasnoturyinsk RUS"]
[Date "2006.07.26"]
[Round "4"]
[White "Mkrtchian,L"]
[Black "Matveeva,S"]
[Result "1/2-1/2"]
[WhiteElo "2459"]
[BlackElo "2454"]
[EventDate "2006.07.23"]

1. e4 e6 2. d4 d5 3. Nd2 a6 4. Ngf3 c5 5. exd5 exd5 6. Be2 Nf6 7. O-O Be7
8. dxc5 Bxc5 9. Nb3 Bb6 10. Qd3 O-O 11. Be3 Bxe3 12. Qxe3 Re8 13. Qd3 Nc6
14. Rfe1 Qb6 15. c3 Bg4 16. Nfd4 Ne5 17. Qc2 Bd7 18. Nd2 Re7 19. Bf1 Rae8
20. N2f3 Nc4 21. Rxe7 Rxe7 22. b3 Nd6 23. Re1 Rxe1 24. Nxe1 Nfe4 25. f3 Nf6
26. Qd2 h6 27. Nec2 a5 28. Ne3 Qc5 29. Ndc2 Bb5 30. Qd4 Qc6 31. Na3 Bxf1
32. Kxf1 Nde8 33. Nac2 Nc7 34. Nf5 Qe6 35. Nce3 b6 36. a4 h5 37. Qf4 Nce8
38. Kf2 g6 39. Nd4 Qc8 40. Ne2 Qc5 41. Qe5 Qa3 42. g4 hxg4 43. Nxg4 Kg7 44.
Nd4 Qc1 45. Nb5 Qd2+ 46. Kg3 Qd1 47. Nd6 Kf8 48. Nxf6 Qg1+ 49. Kh3 Qf1+ 50.
Kg3 Qg1+ 51. Kh3 Qf1+ 52. Kg3 Qg1+ 53. Kh3 1/2-1/2

[Event "North Urals Cup"]
[Site "Krasnoturyinsk RUS"]
[Date "2006.07.27"]
[Round "5"]
[White "Lahno,Kateri"]
[Black "Chiburdanidze,M"]
[Result "1-0"]
[WhiteElo "2449"]
[BlackElo "2504"]
[EventDate "2006.07.23"]

1. e4 c6 2. d4 d5 3. Nc3 dxe4 4. Nxe4 Bf5 5. Ng3 Bg6 6. Bc4 e6 7. N1e2 Bb4+
8. Bd2 Bxd2+ 9. Qxd2 Nf6 10. Nf4 Qd6 11. O-O-O O-O 12. Nxg6 hxg6 13. h4 b5
14. Be2 Nd5 15. h5 Qf4 16. hxg6 fxg6 17. Bf3 Nd7 18. Ne4 e5 19. Ng5 Rae8
20. Qxf4 Rxf4 21. Rhe1 Re7 22. dxe5 Nxe5 23. Rxd5 cxd5 24. Bxd5+ Kf8 25.
Ne6+ Rxe6 26. Bxe6 Nc4 27. Bxc4 Rxc4 28. c3 Kf7 29. Kc2 Ra4 30. a3 Rh4 31.
f3 Rh2 32. Re2 Kf6 33. b3 g5 34. c4 bxc4 35. bxc4 g4 36. fxg4 Kg5 37. c5
Kxg4 38. Kc3 g5 39. Kd4 1-0

[Event "North Urals Cup"]
[Site "Krasnoturyinsk RUS"]
[Date "2006.07.27"]
[Round "5"]
[White "Stefanova,A"]
[Black "Mkrtchian,L"]
[Result "0-1"]
[WhiteElo "2520"]
[BlackElo "2459"]
[EventDate "2006.07.23"]

1. Nf3 d5 2. g3 c6 3. d3 Bg4 4. Nbd2 Nd7 5. h3 Bh5 6. Bg2 Ngf6 7. O-O e5 8.
e4 dxe4 9. dxe4 Bc5 10. Qe1 O-O 11. Nc4 Re8 12. a4 Nb6 13. Qe2 a5 14. Bg5
h6 15. Rfd1 Qe7 16. Bd2 Bxf2+ 17. Kxf2 Qc5+ 18. Be3 Nxe4+ 19. Ke1 Qxc4 20.
Bxb6 Qb4+ 21. c3 Qxb6 22. Qxe4 f5 23. Qc4+ Kh8 24. Rd2 Bxf3 25. Bxf3 Qg1+
26. Qf1 Qxg3+ 27. Qf2 Qxh3 28. Rd7 e4 29. Bg2 Qg4 30. Rad1 f4 31. Rf7 f3
32. Bf1 e3 33. Qxf3 Qh4+ 34. Ke2 Qc4+ 35. Rd3 Rad8 36. Ke1 e2 37. Bxe2 Qxd3
38. Qg4 Qd1+ 39. Kf2 Rxe2+ 0-1

[Event "North Urals Cup"]
[Site "Krasnoturyinsk RUS"]
[Date "2006.07.27"]
[Round "5"]
[White "Matveeva,S"]
[Black "Cmilyte,V"]
[Result "1/2-1/2"]
[WhiteElo "2454"]
[BlackElo "2476"]
[EventDate "2006.07.23"]

1. d4 Nf6 2. c4 e6 3. Nc3 Bb4 4. e3 O-O 5. Bd3 d5 6. Nf3 c5 7. O-O cxd4 8.
exd4 dxc4 9. Bxc4 b6 10. Re1 Bb7 11. Bg5 Nbd7 12. Rc1 Rc8 13. Bb3 Re8 14.
a3 Bxc3 15. bxc3 Qc7 16. c4 Qd6 17. Ne5 Nxe5 18. dxe5 Qxd1 19. Rexd1 Ne4
20. Be3 Red8 21. f3 Nc5 22. Bxc5 bxc5 23. Kf2 Rxd1 24. Rxd1 Re8 25. Re1
1/2-1/2

[Event "North Urals Cup"]
[Site "Krasnoturyinsk RUS"]
[Date "2006.07.29"]
[Round "6"]
[White "Mkrtchian,L"]
[Black "Hou Yifan"]
[Result "1-0"]
[WhiteElo "2459"]
[BlackElo "2488"]
[EventDate "2006.07.23"]

1. e4 c5 2. Nf3 d6 3. d4 cxd4 4. Nxd4 Nf6 5. Nc3 Nc6 6. Bg5 e6 7. Qd2 Be7
8. O-O-O Nxd4 9. Qxd4 a6 10. f4 b5 11. Bxf6 gxf6 12. e5 d5 13. Kb1 Bb7 14.
f5 fxe5 15. Qxe5 Bf6 16. Qg3 Qe7 17. fxe6 fxe6 18. Be2 O-O-O 19. Bg4 h5 20.
Bh3 Rhg8 21. Qf4 Rgf8 22. Rhe1 Bxc3 23. Rxe6 Rxf4 24. Rxe7+ Kb8 25. bxc3
Rf2 26. Rd4 Rdf8 27. Rh4 Rd2 28. Rxh5 Rf1+ 29. Kb2 Rff2 30. Bf5 a5 31. Rh8+
Ka7 32. g4 Rde2 33. Rg7 b4 34. Rhh7 bxc3+ 35. Kxc3 Rf3+ 36. Kb2 1-0

[Event "North Urals Cup"]
[Site "Krasnoturyinsk RUS"]
[Date "2006.07.29"]
[Round "6"]
[White "Cmilyte,V"]
[Black "Kosintseva,N"]
[Result "1/2-1/2"]
[WhiteElo "2476"]
[BlackElo "2472"]
[EventDate "2006.07.23"]

1. d4 Nf6 2. c4 e6 3. Nc3 Bb4 4. Qc2 O-O 5. a3 Bxc3+ 6. Qxc3 b6 7. Bg5 Bb7
8. e3 d6 9. Ne2 Nbd7 10. Qd3 Ba6 11. Nc3 d5 12. Qc2 Bxc4 13. Bxc4 dxc4 14.
Qa4 h6 15. Bh4 c5 16. Rd1 cxd4 17. Rxd4 Qc8 18. O-O a6 19. Rxc4 Qb7 20. Rd4
b5 21. Qc2 Rac8 22. Rfd1 Rc4 23. e4 Rxd4 24. Rxd4 Rc8 25. f3 Ne5 26. Bf2
Nc4 27. Qb3 Qc6 28. Ne2 Na5 29. Qc3 Qxc3 30. Nxc3 Nc4 31. Nd1 Kf8 32. Be1
Ke8 33. Bc3 Nd7 34. Kf2 Rc6 35. Ne3 Nxa3 36. Rd3 Nc4 37. Bxg7 Nxe3 38. Kxe3
e5 39. Rd5 Rc2 40. Rd2 Rc6 41. Rd5 Re6 42. b3 h5 43. h4 Ke7 44. g4 hxg4 45.
fxg4 Rg6 46. Bxe5 Rxg4 47. Bf4 f6 48. h5 Rh4 49. h6 Nf8 50. Kf3 Ng6 51. Be3
Rh3+ 52. Ke2 Ne5 53. Bf4 Ng4 54. Rd6 Nxh6 55. Rxa6 Ng4 56. b4 Rb3 57. Rb6
Kf7 58. Rxb5 Kg6 59. Rb8 Rb2+ 60. Kf3 Ne5+ 61. Bxe5 fxe5 62. Kg4 Rg2+ 63.
Kf3 Rb2 64. Ke3 Rb3+ 65. Kd2 Kf6 66. b5 Ke6 67. Kc2 Rb4 68. Kc3 Rxe4 69.
Rd8 Re1 70. Kb4 Rb1+ 71. Kc5 Rc1+ 72. Kb4 Rb1+ 73. Kc5 Rc1+ 1/2-1/2

[Event "North Urals Cup"]
[Site "Krasnoturyinsk RUS"]
[Date "2006.07.29"]
[Round "6"]
[White "Matveeva,S"]
[Black "Stefanova,A"]
[Result "0-1"]
[WhiteElo "2454"]
[BlackElo "2520"]
[EventDate "2006.07.23"]

1. d4 d5 2. c4 c6 3. Nc3 Nf6 4. e3 a6 5. Nf3 e6 6. b3 Bb4 7. Bd2 Nbd7 8.
Bd3 Qe7 9. O-O O-O 10. Qc2 dxc4 11. bxc4 e5 12. Ne4 Bxd2 13. Nexd2 Re8 14.
Bf5 c5 15. Rab1 e4 16. Ng5 Nf8 17. Bxc8 Raxc8 18. d5 Ng6 19. f4 exf3 20.
Rxf3 Nxd5 21. Nde4 Nb4 22. Rxb4 cxb4 23. Rxf7 Qe5 24. c5 Qd5 25. Rxb7 Re5
26. Qb3 Qxb3 27. axb3 h6 28. Nd6 Rcxc5 29. Rb8+ Nf8 30. Nge4 Rc1+ 31. Kf2
a5 32. Nd2 Rc2 33. N6c4 Rc5 34. Ke2 Kf7 35. Rb7+ Kg6 36. Rb6+ Kh7 37. Ra6
Ra2 38. Kf3 Nd7 39. Ne4 Rf5+ 40. Kg3 Nc5 41. Ra7 Nxe4+ 0-1

[Event "North Urals Cup"]
[Site "Krasnoturyinsk RUS"]
[Date "2006.07.29"]
[Round "6"]
[White "Chiburdanidze,M"]
[Black "Kosintseva,T"]
[Result "1/2-1/2"]
[WhiteElo "2504"]
[BlackElo "2479"]
[EventDate "2006.07.23"]

1. d4 Nf6 2. c4 e6 3. Nf3 d5 4. Nc3 Be7 5. Bg5 h6 6. Bh4 O-O 7. e3 b6 8.
Bd3 Bb7 9. O-O Nbd7 10. Bg3 c5 11. cxd5 Nxd5 12. Nxd5 Bxd5 13. Rc1 cxd4 14.
Bc7 Qe8 15. e4 Bb7 16. Nxd4 Nc5 17. Bb5 Qc8 18. Be5 a6 19. Qg4 g6 20. Bc4
h5 21. Qf4 Qd8 22. Qh6 Bf6 23. Nf3 Nxe4 24. Bxe6 Bxe5 25. Nxe5 Qf6 26. Nxg6
fxe6 27. Rc7 Rf7 28. Ne7+ Rxe7 29. Qxf6 Nxf6 30. Rxe7 Bd5 31. Rc1 Bxa2 32.
Rcc7 Rd8 33. h3 Bd5 34. Rg7+ Kh8 35. Rgf7 Ne4 36. Rh7+ Kg8 37. Rcg7+ Kf8
38. Ra7 Kg8 39. Rxh5 a5 40. Rhh7 Nd6 41. h4 Be4 42. Rhe7 Nb5 43. Rg7+ Kh8
44. Rae7 Nd4 45. f3 Bb1 46. Rd7 Rxd7 47. Rxd7 Nf5 48. Rb7 Ba2 49. h5 Ng3
50. Rxb6 a4 51. Kf2 Nxh5 52. Rb4 Nf6 53. Rxa4 Bd5 54. Ra7 Kg8 55. b4 Ne8
56. g4 Nd6 57. f4 Bb7 58. Ke3 Kf7 59. Ra1 Kf6 60. Kd4 Bf3 61. Rg1 Nb5+ 62.
Kc5 Nc3 63. b5 Ne2 64. Rf1 Bb7 65. Kb6 Bd5 66. Kc7 Nc3 67. b6 Nb5+ 68. Kd7
Nc3 69. Kc8 Ne4 70. Rd1 Nc5 71. Kc7 Ke7 72. Rxd5 exd5 73. Kc6 Nd7 1/2-1/2

[Event "North Urals Cup"]
[Site "Krasnoturyinsk RUS"]
[Date "2006.07.30"]
[Round "7"]
[White "Lahno,Kateri"]
[Black "Mkrtchian,L"]
[Result "1/2-1/2"]
[WhiteElo "2449"]
[BlackElo "2459"]
[EventDate "2006.07.23"]

1. e4 e5 2. Nf3 Nf6 3. Nxe5 d6 4. Nf3 Nxe4 5. d4 d5 6. Bd3 Nc6 7. O-O Be7
8. c4 Nb4 9. Be2 O-O 10. Nc3 Bf5 11. a3 Nxc3 12. bxc3 Nc6 13. Re1 Re8 14.
cxd5 Qxd5 15. Bf4 Rac8 16. h3 1/2-1/2

[Event "North Urals Cup"]
[Site "Krasnoturyinsk RUS"]
[Date "2006.07.30"]
[Round "7"]
[White "Stefanova,A"]
[Black "Cmilyte,V"]
[Result "0-1"]
[WhiteElo "2520"]
[BlackElo "2476"]
[EventDate "2006.07.23"]

1. d4 Nf6 2. Bg5 e6 3. Nd2 c5 4. e3 h6 5. Bh4 cxd4 6. exd4 Be7 7. c3 b6 8.
Bd3 Bb7 9. Bxf6 Bxf6 10. Ngf3 d6 11. Qe2 Nd7 12. h4 Qc7 13. O-O-O O-O-O 14.
Kb1 Rhe8 15. Ne4 Be7 16. c4 Kb8 17. Rc1 f5 18. Nc3 Bf6 19. Nb5 Qc6 20. Qd2
Ne5 21. Be2 a6 22. Na3 Ng4 23. Bd1 e5 24. d5 Qc5 25. Rc2 e4 26. Ne1 e3 27.
fxe3 Nxe3 28. Rc1 f4 29. Bh5 Re7 30. Bg6 Rc8 31. Nd3 Qd4 32. Qb4 Ka7 33.
Qa4 Rc5 34. Qb3 Rcc7 35. Qa4 Kb8 36. Qb4 Bc8 37. Nc2 Nxc2 38. Rxc2 Re3 39.
Nc1 Qc5 40. Qd2 Rce7 41. Rf1 Bxh4 42. Nd3 Qc7 43. Nxf4 Bg5 44. Qf2 Ka7 45.
a3 Bg4 46. g3 Qd7 47. Nd3 Be2 48. Nb4 Bxf1 49. Nc6+ Kb7 50. Qf8 Re8 51.
Bxe8 Qxe8 52. Qxg7+ Re7 53. Nxe7 Qxe7 54. Qxe7+ Bxe7 55. Rf2 Bd3+ 56. Ka1
Bg5 57. Rf7+ Kc8 58. b3 Bg6 59. Rf8+ Kc7 60. a4 b5 61. axb5 axb5 62. Kb2 b4
63. Rg8 Bf6+ 64. Kc1 Be4 65. Kd1 h5 66. Kd2 Bc3+ 67. Kc1 Be5 68. Rg5 h4 69.
Rg4 Bf5 70. Rxh4 Bxg3 71. Rh5 Be4 72. Rh3 Bf4+ 73. Kb2 Be5+ 74. Kc1 Kb6 75.
Rh4 Bf5 76. Rh1 Kc5 77. Rd1 Be4 78. Rf1 Kd4 79. Kd2 Bg7 80. Rf7 Bh6+ 81.
Kd1 Bg5 82. Rg7 Be3 83. Re7 Kd3 84. Re6 Bf3+ 85. Ke1 Bc5 86. Rg6 Kc2 87.
Rg3 Bh5 88. Rh3 Bg4 89. Rg3 Bh5 90. Rh3 Be8 91. Ke2 Bd7 92. Rg3 Ba4 93.
bxa4 b3 94. Rd3 b2 95. Rd2+ Kb3 96. Rd1 Ka2 97. Kd3 b1=Q+ 98. Rxb1 Kxb1 99.
Kc3 Ka2 0-1

[Event "North Urals Cup"]
[Site "Krasnoturyinsk RUS"]
[Date "2006.07.30"]
[Round "7"]
[White "Hou Yifan"]
[Black "Matveeva,S"]
[Result "1/2-1/2"]
[WhiteElo "2488"]
[BlackElo "2454"]
[EventDate "2006.07.23"]

1. e4 e6 2. d4 d5 3. Nc3 Nf6 4. e5 Nfd7 5. f4 c5 6. Nf3 Nc6 7. Be3 Rb8 8.
Qd2 Qa5 9. a3 b5 10. Ra2 Be7 11. dxc5 b4 12. axb4 Qxb4 13. Ne2 Nxc5 14.
Ned4 Nxd4 15. Bxd4 a5 16. Bc3 Qe4+ 17. Be2 Ba6 18. Rxa5 O-O 19. Bd4 Nb3 20.
cxb3 Bb4 21. Bc3 Bxa5 22. Bxa5 Rxb3 23. Bc3 Rfb8 24. Rf1 R3b6 25. Rf2 h6
26. Kf1 Ra8 27. Nd4 Bc4 28. Rf3 Ra1+ 29. Kf2 Bxe2 30. Nxe2 Qb1 31. h3 Rba6
32. Kg3 Qe4 33. Qd3 Qxd3 34. Rxd3 Rb1 35. Nd4 Rf1 36. Bb4 Raa1 37. Bc5 Rab1
38. b4 Rfc1 39. Ra3 Rb2 40. Rd3 Rg1 41. Nc2 Rf1 42. Ne3 Re1 43. Bd4 Rbb1
44. Kf2 Rec1 45. Bc5 Rb2+ 46. Kf3 Rbb1 47. Rd2 Kh7 48. g4 Rh1 49. Kg3 Rb3
50. Kg2 Rc1 51. Nd1 Rc4 52. Nb2 Rxf4 53. Nd3 Rc4 54. Kf2 Rb1 55. Kf3 Rc3
56. Ke2 Rh1 57. b5 Rh2+ 58. Bf2 Rxh3 59. b6 Rb3 60. Nc1 Rb1 61. Rd3 Rb2+
62. Rd2 Rb1 63. Rc2 Rh2 64. Kd3 Rh3+ 65. Ke2 Ra3 66. Bd4 Ra4 67. Kd3 Rab4
68. Rc6 Kg6 69. Ne2 Rd1+ 70. Kc3 Rdb1 71. Kd3 Rd1+ 72. Kc3 Rdb1 73. Kd3 Kg5
74. Nc3 R1b3 75. Bc5 Rc4 76. Be3+ Kxg4 77. Rxc4+ dxc4+ 78. Kxc4 Rb2 79. Nb5
Rc2+ 80. Nc3 Rb2 81. Nb5 Rc2+ 82. Kd3 Rb2 83. Kc4 Rc2+ 84. Kb4 Rc8 85. Nd6
Rb8 86. Nxf7 h5 87. Ng5 Rxb6+ 88. Bxb6 Kxg5 89. Kc5 h4 90. Bd8+ Kf4 91.
Bxh4 Kxe5 1/2-1/2